Mario puzzle and dragons all playble characters - Statistics

General Stats
  • This quiz has been taken 2 times
  • The average score is 16 of 176
Answer Stats
Hint Answer % Correct
grass/star luigi luigi
100%
fire/star mario mario
100%
star helper peach
100%
water/fire blue/red magikoopas
50%
water toad blue toad
50%
water/light blue/yellow magikoopas
50%
dark bowser
50%
light bowser jr
50%
dark bullet bill
50%
dark chainchomp
50%
grass/fire luigi fire luigi
50%
fire mario fire mario
50%
wood goomba
50%
wood/water green/blue magikoopas
50%
grass toad green toad
50%
wood/light green/yellow magikoopas
50%
light lakitu
50%
dark/fire purple/red magikoopas
50%
poison toad purple toad
50%
dark/light purple/yellow magikoopas
50%
fire/grass red/green magikoopas
50%
fire/dark red/purple magikoopas
50%
fire toad red toad
50%
fire spiny
50%
light thwomp
50%
light/wood yellow/green magikoopas
50%
light/dark yellow/purple magikoopas
50%
star toad yellow toad
50%
wood 2-goomba tower
0%
wood 3-goomba tower
0%
dark/light banzai bill
0%
fire/grass luigi bee luigi
0%
fire mario bee mario
0%
wood/dark big bone piranha plant
0%
dark big boney beetle
0%
dark big boo
0%
water/light big cheep cheep
0%
water/light big green paratroopa
0%
wood/light big paragoomba
0%
dark/light big thwomp
0%
fire/light big whomp
0%
light big yellow paratroopa
0%
water blooper
0%
water blooper and cheep cheep
0%
water blooper and cheep cheeps
0%
water blooper nanny and babies
0%
water blooper nanny and baby
0%
water blue coin coffer
0%
water blue magikoopa
0%
water blue magikoopas
0%
light bob-omb
0%
light bob-omb and lakitu
0%
wood/dark bone piranha plant
0%
dark boney beetle
0%
dark boo
0%
dark boo crew
0%
poison/grass luigi boo luigi
0%
poison/fire mario boo mario
0%
light boom boom
0%
wood boomerang bro
0%
wood/water boomerang luigi
0%
water/fire boomerang mario
0%
dark boo trio
0%
dark/water bowser the koopa king
0%
dark/wood bullet bill and goomba
0%
dark/wood bullet bill and goombas
0%
dark buzzy beetle
0%
poison/grass luigi cat luigi
0%
poison/fire mario cat mario
0%
dark/fire chain chomp and flame chomp
0%
dark/fire chain chomp and flame chomps
0%
water cheep cheep
0%
water/light cheep chomp
0%
lught double lakitu
0%
wood double luigi
0%
fire double mario
0%
fire/dark drybones
0%
fire/water dry bones and cheep cheep
0%
dark/fire dry bowser
0%
fire fire bro
0%
wood/fire fire piranha plant
0%
fire flamechomp
0%
wood/fire flutter and flame chomp
0%
grass luigi flying squirrel luigi
0%
grass/ fire mario flying squirrel mario
0%
grass luigi fox luigi
0%
light gold 2-goomba tower
0%
light gold 3-goomba tower
0%
light gold goomba
0%
light gold luigi
0%
light gold mario
0%
wood green coin coffer
0%
water green koopa troopa
0%
wood green magikoopa
0%
wood green magikoopas
0%
water/light green paratroopa
0%
light hammer bro
0%
light heavy para beetle
0%
water ice bro
0%
water/grass luigi ice luigi
0%
water/fire mario ice mario
0%
wood iggy
0%
wood iggy and 2-goomba tower
0%
wood/dark iggy and bony beetles
0%
dark/fire king bill
0%
water king blue coin coffer
0%
dark/light king boo
0%
wood king green coin coffer
0%
dark king purple coin coffer
0%
fire king red coin coffer
0%
light king yellow coin coffer
0%
grass larry
0%
grass larry and goombas
0%
grass/fire larry and red koopa troopa
0%
dark lemmy
0%
dark/fire lemmy and buzzie beetles
0%
dark/fire lemmy and red paratroopa
0%
fire ludwig
0%
fire ludwig and dry bones
0%
fire/light ludwig and yellow paratroopas
0%
dark metal luigi
0%
dark metal mario
0%
fire morton
0%
fire/wood morton and the paragoombas
0%
fire morton and the spinies
0%
light para-beetle
0%
wood/light paragoomba
0%
water/grass luigi penguin luigi
0%
water/fire mario penguin mario
0%
wood/light petey piranha
0%
wood piranha plant
0%
dark purple coin coffer
0%
dark purple magikoopa
0%
dark purple magikoopas
0%
poison helper purple yoshi
0%
grass/fire mario raccoon mario
0%
fire red coin coffer
0%
fire red koopa troopa
0%
fire/water red koopa troopa and cheep cheep
0%
fire red magikoopa
0%
fire red magikoopas
0%
fire/light red paratroopa
0%
fire helper red yoshi
0%
wood/dark rock luigi
0%
wood/light rock mario
0%
water rosalina
0%
light roy
0%
light/water roy and the cheep cheep
0%
light roy and the yellow koopa troopa
0%
dark sledge bro
0%
grass luigi small luigi
0%
fire mario small mario
0%
fire/light spiny egg and lakitu
0%
star/grass luigi statue leader
0%
star/fire mario statue mario
0%
star helper super peach
0%
water/star super rosalina
0%
light/dark thwomps and thwimps
0%
water wendy
0%
water/light wendy and bob-ombs
0%
water wendy and green koopa troopa
0%
fire whomp
0%
fire/dark whomp and boos
0%
wood wiggler
0%
wood/fire wiggler and flame chomp
0%
purple water winged purple yoshi
0%
fire/grass helper winged red yoshi
0%
star/fire | water/star helper winged yellow yoshi
0%
light yellow coin coffer
0%
light yellow koopa troopa
0%
light yellow magikoopa
0%
light yellow magikoopas
0%
light yellow paratroopa
0%
star | water helper yellow yoshi
0%
No matching quizzes found
Score Distribution
Percent of People with Each Score
Percentile by Number Answered
Your Score History
You have not taken this quiz